[Event "San Sebastian op 19th"]
[Site "San Sebastian"]
[Date "2009.10.01"]
[Round "8"]
[White "Diez Viera, Oscar"]
[Black "Georgiev, Krum"]
[Result "0-1"]
[WhiteElo "1831"]
[BlackElo "2430"]
[PlyCount "76"]
[EventDate "2009.09.25"]
[EventType "swiss"]
[EventRounds "9"]
[EventCountry "ESP"]
[SourceTitle "EXT 2010"]
[Source "ChessBase"]
[SourceDate "2010.11.25"]
[SourceVersion "1"]
[SourceVersionDate "2010.11.25"]
[SourceQuality "1"]

1. e4 c5 2. Nf3 d6 3. d4 cxd4 4. Qxd4 Nc6 5. Bb5 Bd7 6. Bxc6 Bxc6 7. c4 Nf6 8. Nc3 g6 9. b4 Bg7 10. Nd2 0-0 11. Qe3 Nxe4 12. Ndxe4 Bxe4 13. 0-0 Bf5 14. Bb2 Qb6 15. Qxb6 axb6 16. Nd1 Bxb2 17. Nxb2 Ra3 18. Rfe1 Be6 19. Kf1 Rfa8 20. Rec1 Kg7 21. Nd1 Rxa2 22. Rxa2 Rxa2 23. b5 Bf5 24. g3 Bd3+ 25. Kg2 e6 26. Ne3 Be2 27. Nd1 Ra3 28. Ne3 Kf6 29. Rc2 Bd3 30. Rc1 Ke5 31. Ng4+ Kd4 32. Nf6 h5 33. Nd7 Bxc4 34. Nxb6 Bxb5 35. Rd1+ Rd3 36. Rb1 Bc6+ 37. Kf1 Bf3 38. Ke1 Kc3 0-1

[Event "ESP-ch U16"]
[Site "Padron"]
[Date "2008.07.23"]
[Round "6"]
[White "Diez Viera, Oscar"]
[Black "Fernandez Arroyo, Cesar"]
[Result "0-1"]
[WhiteElo "1882"]
[BlackElo "1685"]
[PlyCount "126"]
[EventDate "2008.07.20"]
[EventType "swiss"]
[EventRounds "9"]
[EventCountry "ESP"]
[SourceTitle "EXT 2010"]
[Source "ChessBase"]
[SourceDate "2010.11.25"]
[SourceVersion "1"]
[SourceVersionDate "2010.11.25"]
[SourceQuality "1"]

1. e4 e6 2. d4 d5 3. e5 c5 4. c3 Bd7 5. Nf3 Qb6 6. Be2 Nc6 7. a3 a5 8. b3 Rc8 9. 0-0 Na7 10. c4 cxd4 11. Nxd4 Nc6 12. Nxc6 Bxc6 13. Kh1 Bc5 14. f4 Ne7 15. Nd2 Nf5 16. Nf3 0-0 17. Rb1 Ne3 18. Bxe3 Bxe3 19. Ne1 Rfd8 20. Qc2 dxc4 21. bxc4 Qc5 22. Nd3 Qd4 23. Rbd1 Be4 24. Qb3 Qxc4 25. Qxc4 Rxc4 26. Nb2 Rcd4 27. Nc4 Rxd1 28. Rxd1 Rxd1+ 29. Bxd1 Bxf4 30. Nxa5 Bxe5 31. Kg1 Kf8 32. Nc4 Bd4+ 33. Kf1 Bd3+ 34. Be2 Bxe2+ 35. Kxe2 Ke7 36. Kd3 Bc5 37. a4 b6 38. Ke4 f6 39. h3 Kd7 40. g4 Kc6 41. Kf4 b5 42. axb5+ Kxb5 43. Nd2 Kc6 44. Ke4 g6 45. Nf3 Kd6 46. Nd2 f5+ 47. gxf5 exf5+ 48. Kf3 g5 49. Kg3 h5 50. Nf3 Be3 51. Ne1 Ke5 52. Kf3 Bd2 53. Nd3+ Kf6 54. Nc5 g4+ 55. hxg4 hxg4+ 56. Kg3 Bb4 57. Nd3 Bd6+ 58. Kg2 Kg5 59. Kf2 f4 60. Ne1 Kf5 61. Kg2 Ke4 62. Kf2 f3 63. Kg1 g3 0-1

[Event "ESP-ch U16"]
[Site "Padron"]
[Date "2008.07.22"]
[Round "5"]
[White "Marrero Falcon, Hector Xarach"]
[Black "Diez Viera, Oscar"]
[Result "1-0"]
[WhiteElo "2044"]
[BlackElo "1882"]
[PlyCount "187"]
[EventDate "2008.07.20"]
[EventType "swiss"]
[EventRounds "9"]
[EventCountry "ESP"]
[SourceTitle "EXT 2010"]
[Source "ChessBase"]
[SourceDate "2010.11.25"]
[SourceVersion "1"]
[SourceVersionDate "2010.11.25"]
[SourceQuality "1"]

1. e4 c5 2. Nf3 Nc6 3. Bb5 Nd4 4. Nxd4 cxd4 5. 0-0 a6 6. Be2 e5 7. d3 Nf6 8. f4 exf4 9. Bxf4 Qb6 10. Nd2 Be7 11. Nb3 0-0 12. Be5 d5 13. Bxd4 Qc7 14. exd5 Nxd5 15. Bf3 Nb4 16. Bc3 Be6 17. Qd2 Nd5 18. Bxd5 Bxd5 19. Qf2 Bd6 20. h3 Bc6 21. Bd4 Bg3 22. Qd2 h6 23. Bf2 Bh2+ 24. Kh1 Be5 25. d4 Bf4 26. Be3 Bg3 27. Bf4 Bxf4 28. Rxf4 Rac8 29. c3 Bd5 30. Nc5 Rfe8 31. Nd3 Re7 32. Rf2 Rce8 33. Nf4 Qd7 34. Nxd5 Qxd5 35. a3 Re3 36. Kg1 Qc4 37. Raf1 Re2 38. Qf4 Rxf2 39. Rxf2 Qe6 40. Qf3 Qe1+ 41. Kh2 Qe7 42. Qg3 Qe6 43. Rd2 Rd8 44. Qf3 Qd6+ 45. Qg3 Qe6 46. Qf4 Qe7 47. Rf2 Qe6 48. Rf3 Qd6 49. Qxd6 Rxd6 50. Kg3 Kf8 51. Kf4 Ke7 52. Re3+ Kd7 53. Kf3 Rf6+ 54. Ke2 Rg6 55. g3 Rf6 56. c4 b6 57. b4 Rc6 58. Kd3 Rf6 59. c5 Kc6 60. a4 Rf1 61. Ke4 bxc5 62. bxc5 Ra1 63. Rb3 Rxa4 64. Rb6+ Kc7 65. Kd5 Ra3 66. Rc6+ Kd7 67. Rd6+ Kc7 68. Rc6+ Kd7 69. Rb6 Kc7 70. g4 Ra4 71. Ke5 Ra5 72. Rd6 Ra3 73. h4 Re3+ 74. Kd5 Ra3 75. Rb6 Ra4 76. g5 hxg5 77. hxg5 Ra1 78. g6 fxg6 79. Rxg6 Rh1 80. Rxg7+ Kc8 81. Ra7 Rh5+ 82. Kc4 Rh6 83. Rg7 Rf6 84. Kd5 Rf5+ 85. Ke6 Rf1 86. c6 Rh1 87. Ra7 Rh6+ 88. Kd5 Rh5+ 89. Kd6 Rh6+ 90. Kc5 Kb8 91. Rxa6 Kc7 92. Ra7+ Kc8 93. d5 Rh5 94. Kb6 1-0

[Event "ESP-chT U16"]
[Site "Aviles"]
[Date "2008.06.27"]
[Round "4.1"]
[White "Sanchez Gonzalez, Sergio"]
[Black "Diez Viera, Oscar"]
[Result "1-0"]
[WhiteElo "2234"]
[BlackElo "1864"]
[PlyCount "69"]
[EventDate "2008.06.25"]
[EventType "team-swiss"]
[EventRounds "6"]
[EventCountry "ESP"]
[SourceTitle "EXT 2010"]
[Source "ChessBase"]
[SourceDate "2010.11.25"]
[SourceVersion "1"]
[SourceVersionDate "2010.11.25"]
[SourceQuality "1"]

1. c4 e5 2. Nc3 Nf6 3. Nf3 Nc6 4. e3 d5 5. cxd5 Nxd5 6. Qc2 Ndb4 7. Qb1 g6 8. a3 Nd5 9. Nxe5 Nxc3 10. Nxc6 Nxb1 11. Nxd8 Nxd2 12. Nxf7 Nf3+ 13. gxf3 Kxf7 14. Bd2 Bh6 15. 0-0-0 Be6 16. Bc3 Rhd8 17. Bd3 Bg5 18. Be4 c6 19. h4 Be7 20. h5 Rxd1+ 21. Kxd1 Bf5 22. hxg6+ Bxg6 23. Bxg6+ hxg6 24. Rh7+ Ke6 25. Rg7 g5 26. e4 Rf8 27. Ke2 a6 28. Rxe7+ Kxe7 29. Bb4+ Kf7 30. Bxf8 Kxf8 31. f4 gxf4 32. Kf3 Ke7 33. Kxf4 a5 34. Ke5 b5 35. Kd4 1-0

[Event "ESP-chT U16"]
[Site "Aviles"]
[Date "2008.06.25"]
[Round "1.1"]
[White "Diez Viera, Oscar"]
[Black "Vila Gonzalez, Daniel"]
[Result "0-1"]
[WhiteElo "1854"]
[BlackElo "2014"]
[PlyCount "172"]
[EventDate "2008.06.25"]
[EventType "team-swiss"]
[EventRounds "6"]
[EventCountry "ESP"]
[SourceTitle "EXT 2010"]
[Source "ChessBase"]
[SourceDate "2010.11.25"]
[SourceVersion "1"]
[SourceVersionDate "2010.11.25"]
[SourceQuality "1"]

1. e4 c5 2. Nf3 Nc6 3. d4 cxd4 4. Nxd4 Nf6 5. Nc3 e5 6. Ndb5 d6 7. Bg5 a6 8. Na3 b5 9. Nd5 Be7 10. Bxf6 Bxf6 11. Nb1 Bg5 12. a4 bxa4 13. Rxa4 a5 14. Na3 0-0 15. Nb5 Rb8 16. h4 Bh6 17. g4 Bf4 18. Nxf4 exf4 19. b3 Ne5 20. Qxd6 Bxg4 21. Qxd8 Rfxd8 22. f3 Nxf3+ 23. Kf2 Rd2+ 24. Be2 Rxb5 25. Rd1 Rxd1 26. Bxd1 Ne5 27. Bxg4 Nxg4+ 28. Kf3 h5 29. Kxf4 Rc5 30. Ra1 g6 31. c4 Kg7 32. Ra2 f6 33. Kf3 Kf7 34. Ra1 Ke6 35. Ra2 Ke5 36. Rd2 a4 37. bxa4 Rxc4 38. Rd5+ Ke6 39. a5 Ra4 40. Rb5 Ne5+ 41. Kf4 Nc4 42. Rb8 Rxa5 43. Re8+ Kf7 44. Rc8 Ne5 45. Rc7+ Ke6 46. Rb7 Ra3 47. Rb6+ Ke7 48. Re6+ Kd7 49. Rd6+ Kc7 50. Rxf6 Ra5 51. Re6 Nd3+ 52. Ke3 Ne5 53. Kf4 Nd3+ 54. Ke3 Ra3 55. Kd4 Nf4 56. Rf6 Ra4+ 57. Ke5 Nd3+ 58. Kd5 Kd7 59. Rf3 Ra5+ 60. Kd4 Ne5 61. Rb3 Nc6+ 62. Ke3 Ke6 63. Kf4 Rc5 64. Rb1 Rc3 65. Rg1 Ne5 66. Ra1 Rf3+ 67. Kg5 Rg3+ 68. Kf4 Rg4+ 69. Ke3 Rxh4 70. Ra6+ Kf7 71. Kd4 Nf3+ 72. Ke3 Ng5 73. Ra7+ Kf6 74. Ra6+ Kg7 75. Ra5 Rxe4+ 76. Kf2 Rg4 77. Ra1 h4 78. Rh1 h3 79. Kf1 Rg3 80. Kf2 Ne4+ 81. Ke2 g5 82. Ke1 g4 83. Ke2 Kf6 84. Ke1 Ke5 85. Ke2 Rg2+ 86. Kf1 Ng3+ 0-1

[Event "Euskadi-ch U16"]
[Site "Eibar"]
[Date "2008.03.29"]
[Round "6"]
[White "Diez Viera, Oscar"]
[Black "Sanchez Ruesga, Hector"]
[Result "1-0"]
[WhiteElo "1852"]
[BlackElo "1804"]
[PlyCount "145"]
[EventDate "2008.03.25"]
[EventType "swiss"]
[EventRounds "6"]
[EventCountry "ESP"]
[SourceTitle "EXT 2024"]
[Source "ChessBase"]
[SourceDate "2023.10.10"]
[SourceVersion "1"]
[SourceVersionDate "2023.10.10"]
[SourceQuality "1"]

1. e4 c5 2. Nf3 d6 3. d4 cxd4 4. Nxd4 Nf6 5. Nc3 g6 6. Be3 Bg7 7. f3 0-0 8. Qd2 Nc6 9. g4 a6 10. h4 Ne5 11. h5 b5 12. hxg6 fxg6 13. 0-0-0 b4 14. Nd5 Nxd5 15. exd5 Nxf3 16. Nxf3 Rxf3 17. Bh6 Qf8 18. Bxg7 Qxg7 19. Qxb4 a5 20. Qe4 Qf6 21. Re1 Ra7 22. Bb5 Qf4+ 23. Qxf4 Rxf4 24. g5 Rf5 25. Rhg1 Rc7 26. Bc6 Bb7 27. Re3 Bxc6 28. dxc6 Rc5 29. Rge1 Kf7 30. Rf3+ Rf5 31. Rh3 Kg8 32. Rhe3 e5 33. Ra3 Rxg5 34. Rxa5 Kf7 35. Ra6 Rg4 36. b3 Ke6 37. a3 Kd5 38. c4+ Kc5 39. Rd1 Rd4 40. Ra5+ Kxc6 41. Rxd4 exd4 42. Rd5 Rg7 43. Rxd4 g5 44. Kd2 Re7 45. b4 h6 46. a4 Re6 47. a5 Re8 48. b5+ Kc7 49. a6 Re7 50. Rd3 Rg7 51. Ke3 h5 52. Kf2 Rf7+ 53. Kg3 Rf4 54. Rc3 Kb6 55. Rc1 Rf7 56. Rd1 Kc5 57. Rd5+ Kxc4 58. Rxg5 Ra7 59. Rxh5 d5 60. Rh7 Ra8 61. Rb7 d4 62. Kf2 d3 63. Ke1 Rh8 64. a7 Rh1+ 65. Kd2 Rh2+ 66. Ke3 Re2+ 67. Kf3 Ra2 68. b6 Ra1 69. Ke3 Re1+ 70. Kd2 Re2+ 71. Kd1 Ra2 72. Rc7+ Kb5 73. b7 1-0

[Event "San Sebastian Udaberriko op"]
[Site "San Sebastian"]
[Date "2007.05.26"]
[Round "4"]
[White "Diez Viera, Oscar"]
[Black "Garro Beraza, Haritz"]
[Result "1-0"]
[WhiteElo "1798"]
[BlackElo "1918"]
[PlyCount "57"]
[EventDate "2007.05.05"]
[EventType "swiss"]
[EventRounds "7"]
[EventCountry "ESP"]
[SourceTitle "EXT 2008"]
[Source "ChessBase"]
[SourceDate "2007.11.25"]
[SourceVersion "1"]
[SourceVersionDate "2007.11.25"]
[SourceQuality "1"]

1. e4 c5 2. Nf3 d6 3. d4 cxd4 4. Nxd4 Nf6 5. Nc3 a6 6. f3 e6 7. Be3 Be7 8. Qd2 Nc6 9. g4 0-0 10. h4 Nxd4 11. Bxd4 b5 12. h5 b4 13. Ne2 e5 14. Be3 Be6 15. g5 Nd7 16. 0-0-0 a5 17. Bh3 Bxa2 18. g6 Rc8 19. Rdg1 Bb3 20. c3 Rc6 21. Bxd7 Qxd7 22. Kb1 Rc4 23. h6 fxg6 24. Qd5+ Rf7 25. Rxg6 hxg6 26. h7+ Kh8 27. Qxf7 Rxc3 28. Qxg7+ Kxg7 29. h8Q+ 1-0

[Event "San Sebastian op 30th"]
[Site "San Sebastian"]
[Date "2007.04.06"]
[Round "7"]
[White "Diez Viera, Oscar"]
[Black "Galarza Cenzano, Inigo"]
[Result "0-1"]
[WhiteElo "1798"]
[BlackElo "1975"]
[PlyCount "74"]
[EventDate "2007.04.01"]
[EventType "swiss"]
[EventRounds "9"]
[EventCountry "ESP"]
[SourceTitle "CBM 117 Extra"]
[Source "ChessBase"]
[SourceDate "2007.05.09"]
[SourceVersion "1"]
[SourceVersionDate "2007.05.09"]
[SourceQuality "1"]

1. e4 e5 2. Nf3 Nc6 3. c3 d5 4. Bb5 dxe4 5. Nxe5 Qd5 6. Bxc6+ bxc6 7. Qa4 Ne7 8. Nc4 Be6 9. Ne3 Qd3 10. Qc2 Bc4 11. Qxd3 Bxd3 12. Na3 Nd5 13. Nac2 a5 14. Nd4 Kd7 15. f3 Nxe3 16. dxe3 c5 17. Ne2 f5 18. Kf2 a4 19. Rd1 Bd6 20. Nf4 c4 21. Nxd3 cxd3 22. Bd2 Rab8 23. Rab1 c5 24. g4 g6 25. gxf5 gxf5 26. Rg1 Rhg8 27. Rxg8 Rxg8 28. Rg1 Rxg1 29. Kxg1 c4 30. fxe4 fxe4 31. a3 Ke6 32. Kg2 Kf5 33. Kh3 Kg5 34. Bc1 h5 35. Bd2 Bxh2 36. Kxh2 Kg4 37. Kg2 h4 0-1